000 00747nam a2200277Ia 4500
005 20260324112704.0
008 008 260324s9999 xx 000 0 eng d
020 _a9781003458401
037 _aEBOOK
040 _aCRL
040 _beng
040 _cCRL
041 _2eng
041 _aeng
084 _qCRL
100 _aFaheem Syeed Masoodi; Alwi Bamhdi; Ankush Manocha; Tawseef Ahmed Teli; Zubair Sayeed Masoodi; Faheem Ahmad Reegu
_91143741
245 0 _aInternet of Things Applications and Technology
260 _bTaylor and Francis
260 _c2024
365 _a
365 _b355
856 _uhttp://www.taylorfrancis.com/books/9781003458401
942 _cEBOOK
999 _c1733043
_d1733043